| 000 | 01200nam a22003617a 4500 | ||
|---|---|---|---|
| 003 | CHAP | ||
| 005 | 20220329133402.0 | ||
| 008 | 971013s1989 r 00010 d | ||
| 010 | _a5762 | ||
| 011 | _a6734 | ||
| 035 | _a5957 | ||
| 040 | _cCHAP | ||
| 090 | _aFolleto 13878 | ||
| 100 | 0 | 0 |
_aBenejam, María Antonieta. _911556 |
| 245 | _aLluvia, tequio y alimentos un camino para combatir la pobreza | ||
| 260 |
_aMéxico, D.F. : _bCIDE. Departamento de Estudios Políticos, _c1989 |
||
| 300 | _a24 p. | ||
| 490 | _aEconomics. Working paper | ||
| 500 | _a59-153 | ||
| 590 |
_aBATCH-UPD _b10 _c20130110 _lUCH01 _h0859 |
||
| 590 |
_aBATCH-UPD _b10 _c20130410 _lUCH01 _h0528 |
||
| 590 |
_aBATCH-UPD _b10 _c20130914 _lUCH01 _h0602 |
||
| 590 |
_aCONVERSION _b10 _c20130109 _lUCH01 _h1304 |
||
| 650 | 1 | 4 |
_aAgua de lluvia _xAlmacenamiento. _92413 |
| 650 | 1 | 4 |
_aLluvia _xOaxaca. _967332 |
| 650 | 1 | 4 |
_aOaxaca _xCondiciones rurales. _982477 |
| 700 | 0 |
_aMixteca oaxaqueña. _976268 |
|
| 710 | 0 |
_aCentro de Investigación y Docencia Económicas. México. _921156 |
|
| 830 | 0 |
_aEconomics. Working paper _935222 |
|
| 901 | _aBK | ||
| 942 | _cFOLL | ||
| 949 |
_aFolleto 13878 _bBC _cFOLL _d-15556 _eTS1 _i5957 _si _t3.00 |
||
| 999 |
_c5762 _d5762 |
||